The story of the orchestra/ (Record no. 49823)
| 000 -LEADER | |
|---|---|
| fixed length control field | 00964nam a2200265 4500 |
| 020 ## - INTERNATIONAL STANDARD BOOK NUMBER | |
| International Standard Book Number | 1579121489 : |
| Terms of availability | £13.65 |
| 039 0# - LEVEL OF BIBLIOGRAPHIC CONTROL AND CODING DETAIL [OBSOLETE] | |
| Level of rules in bibliographic description | 2696 |
| 040 ## - CATALOGING SOURCE | |
| Original cataloging agency | StDuBDS |
| Modifying agency | Uk |
| 042 ## - AUTHENTICATION CODE | |
| Authentication code | ukblsr |
| -- | lcac |
| 050 00 - LIBRARY OF CONGRESS CALL NUMBER | |
| Classification number | ML1200 |
| Item number | .L48 2001 |
| 082 00 - DEWEY DECIMAL CLASSIFICATION NUMBER | |
| Classification number | 784.2 |
| Edition number | 22 |
| 100 ## - MAIN ENTRY--PERSONAL NAME | |
| Personal name | Levine, Robert, |
| Relator term | author. |
| 9 (RLIN) | 80131 |
| 245 14 - TITLE STATEMENT | |
| Title | The story of the orchestra/ |
| Statement of responsibility, etc | Robert Levine ; illustrated by Meredith Hamilton. |
| 260 ## - PUBLICATION, DISTRIBUTION, ETC. (IMPRINT) | |
| Place of publication, distribution, etc | New York : |
| Name of publisher, distributor, etc | Black Dog & Leventhal ; |
| Place of publication, distribution, etc | [Poole : |
| Name of publisher, distributor, etc | Chris Lloyd, distributor], |
| Date of publication, distribution, etc | 2001. |
| 300 ## - PHYSICAL DESCRIPTION | |
| Extent | 96 p. : |
| Other physical details | col. ill. ; |
| Dimensions | 27 cm. + |
| Accompanying material | 1 sound disc (digital ; 4 3/4 in.) |
| 650 #0 - SUBJECT ADDED ENTRY--TOPICAL TERM | |
| Topical term or geographic name as entry element | Orchestra |
| Form subdivision | Juvenile literature. |
| 9 (RLIN) | 75669 |
| 650 ## - SUBJECT ADDED ENTRY--TOPICAL TERM | |
| Topical term or geographic name as entry element | Musical instruments |
| Form subdivision | Juvenile literature. |
| 9 (RLIN) | 68635 |
| 650 #0 - SUBJECT ADDED ENTRY--TOPICAL TERM | |
| Topical term or geographic name as entry element | Composers |
| Form subdivision | Juvenile literature. |
| 9 (RLIN) | 86959 |
| 650 #1 - SUBJECT ADDED ENTRY--TOPICAL TERM | |
| Topical term or geographic name as entry element | Orchestra. |
| 9 (RLIN) | 76012 |
| 650 ## - SUBJECT ADDED ENTRY--TOPICAL TERM | |
| Topical term or geographic name as entry element | Musical instruments. |
| 9 (RLIN) | 15404 |
| 650 #1 - SUBJECT ADDED ENTRY--TOPICAL TERM | |
| Topical term or geographic name as entry element | Composers. |
| 700 1# - ADDED ENTRY--PERSONAL NAME | |
| Personal name | Hamilton, Meredith, |
| Relator term | ill. |
| 9 (RLIN) | 42573 |
| 942 ## - ADDED ENTRY ELEMENTS (KOHA) | |
| Source of classification or shelving scheme | |
| Koha item type | Book |
| Withdrawn status | Lost status | Source of classification or shelving scheme | Damaged status | Not for loan | Home library | Current library | Date acquired | Total Checkouts | Full call number | Barcode | Date last seen | Price effective from | Koha item type |
|---|---|---|---|---|---|---|---|---|---|---|---|---|---|
| Logos International School | Logos International School | 12/03/2025 | J 784.2 LEV | 040728 | 12/05/2025 | 12/03/2025 | Book |